I de sobte, Tarradellas / Carles Sentís amb la col·laboració d'Agustí Pons
ISBN:
84-95616-24-6
Descripción Física:
160 p. ; 20 cm
Otros Autores:
Pons, Agustí
MARC
| LEADER | 00000nam a2200000Ia 4500 | ||
|---|---|---|---|
| 001 | 17090 | ||
| 008 | 160829s2002 xx 000 0 cat d | ||
| 020 | |a 84-95616-24-6 | ||
| 080 | |a M-5-142 | ||
| 100 | 1 | |a Sentís, Carles, |d 1911-2011 |9 25861 | |
| 245 | |a I de sobte, Tarradellas / Carles Sentís amb la col·laboració d'Agustí Pons | ||
| 260 | |a Barcelona : |b La Campana, |c 2002 | ||
| 300 | |a 160 p. ; |c 20 cm | ||
| 590 | |a Al llom: 201 | ||
| 651 | 0 | |a Catalunya |x Política i govern |y 1975-1980, Transició |9 53734 | |
| 700 | |a Pons, Agustí |9 25278 | ||
| 901 | |a Arxiu | ||
| 942 | |n 1 | ||
| 952 | |0 0 |1 0 |4 0 |6 M5142 |7 1 |9 43818 |a Arxiu |b Arxiu |d 2016-12-01 |l 0 |o M-5-142 |p 17090 |r 2016-12-01 00:00:00 |w 2016-12-01 |y ARXIU | ||
| 999 | |c 46367 |d 46367 | ||